|
|
|
|
| LEADER |
01036nam a2200301 4500 |
| 001 |
DLU090084280 |
| 005 |
##20091105 |
| 040 |
# |
# |
|a DLU
|b vie
|
| 041 |
# |
# |
|a vie
|
| 044 |
# |
# |
|a vn
|
| 245 |
# |
# |
|a Nghiên cứu biện pháp phòng trị ngộ độc hữu cơ cho lúa trên vùng đất phèn trống lúa 3 vụ ở Đông Tháp Mười /
|c Nguyễn Đức Thuận, Trần Thị Hồng Thắm, Hồ Văn Quốc, Lê Văn Chính.
|
| 653 |
# |
# |
|a Đất phèn
|
| 653 |
# |
# |
|a Hữu cơ
|
| 653 |
# |
# |
|a Năng suất
|
| 700 |
# |
# |
|a cNguyễn Đức Thuận.
|
| 700 |
# |
# |
|a Hồ Văn Quốc.
|
| 700 |
# |
# |
|a Lê Văn Chính.
|
| 700 |
# |
# |
|a Trần Thị Hồng Thắm.
|
| 773 |
# |
# |
|t Nông nghiệp và phát triển nông thôn
|g Số 11(128), 2008, tr. 18-24
|
| 920 |
# |
# |
|a Phòng Tạp chí -- Trung tâm Thông tin - Thư viện Trường Đại học Đà Lạt
|
| 994 |
# |
# |
|a DLU
|
| 900 |
# |
# |
|a True
|
| 911 |
# |
# |
|a Nguyễn Thị Linh Chi
|
| 925 |
# |
# |
|a G
|
| 926 |
# |
# |
|a A
|
| 927 |
# |
# |
|a BB
|
| 980 |
# |
# |
|a Thư viện Trường Đại học Đà Lạt
|